| 000 | 01953nam a2200301 a 4500 | ||
|---|---|---|---|
| 008 | 120220s2009 ||||||||||||||||| || u | ||
| 020 | _a9780443068485 | ||
| 050 | _aRC 76 Mac | ||
| 100 | _aRobertson, Colin | ||
| 245 | 1 | 0 |
_aMacleod's clinical examination. (12th ed.) _cedited by Graham Douglas, Fiona Nicol and Colin Robertson |
| 250 | _a12th ed. | ||
| 260 |
_aEdinburgh: _bChurchill Livingstone/Elsevier _c2009 |
||
| 300 | _axiii, 476p.: ill. | ||
| 350 | _a65.95 | ||
| 500 | _aAccompanied by CD-ROM | ||
| 650 | _aPHYSICAL EXAMINATION | ||
| 650 | _aMEDICAL HISTORY TAKING | ||
| 650 | 0 | _aPHYSICAL DIAGNOSIS | |
| 700 | _aNicol, Fiona | ||
| 700 | _aDouglas, Graham | ||
| 995 |
_aMEDICAL LIBRARY OPEN ACCESS _e902621 _FCBU-SCHOOL OF MEDICINE LIBRARY (Ndola) _I65.95 _jRC 76 Mac _M5 _UAVAILABLE _WFeb 17, 2015 _y902621 _ZMedical Library Open Access Collection |
||
| 995 |
_aSHORT LOAN BOOKS _e902623 _FCBU-SCHOOL OF MEDICINE LIBRARY (Ndola) _I65.95 _jRC 76 Mac _M7 _UAVAILABLE _WFeb 17, 2015 _y902623 _ZMedical Library Open Access Collection |
||
| 995 |
_aMEDICAL LIBRARY OPEN ACCESS _e902622 _FCBU-SCHOOL OF MEDICINE LIBRARY (Ndola) _I65.95 _jRC 76 Mac _M6 _UAVAILABLE _WFeb 17, 2015 _y902622 _ZMedical Library Open Access Collection |
||
| 995 |
_aMEDICAL LIBRARY OPEN ACCESS _e902100 _FCBU-SCHOOL OF MEDICINE LIBRARY (Ndola) _I0.00 _jRC 76 Mac _M3 _UAVAILABLE _WAug 20, 2013 _y902100 _ZMedical Library Open Access Collection |
||
| 995 |
_aMEDICAL LIBRARY OPEN ACCESS _e901553 _FCBU-SCHOOL OF MEDICINE LIBRARY (Ndola) _I0.00 _jRC 76 Mac _M1 _UAVAILABLE _WJun 29, 2012 _y901553 _ZMedical Library Open Access Collection |
||
| 995 |
_aMEDICAL LIBRARY OPEN ACCESS _e902620 _FCBU-SCHOOL OF MEDICINE LIBRARY (Ndola) _I65.95 _jRC 76 Mac _M4 _UAVAILABLE _WFeb 17, 2015 _y902620 _ZMedical Library Open Access Collection |
||
| 995 |
_aMEDICAL LIBRARY OPEN ACCESS _e902099 _FCBU-SCHOOL OF MEDICINE LIBRARY (Ndola) _I0.00 _jRC 76 Mac _M2 _UOUT _WAug 20, 2013 _y902099 _ZMedical Library Open Access Collection |
||
| 999 |
_c76965 _d76965 |
||